000 00600nam a22001815i 4500
001 171723
003 ES-MaACL
005 20230906214717.0
008 090527s1960 sp |||| | spa d
080 _a016:929(Almela y Vives, Francisco)
100 1 _aSoler Godes, Enric.
_9107177
245 1 0 _aBio-bibliografía de Francisco Almela i Vives /
_cE. Soler Godes.
260 _a[Valencia :
_bs.n.],
_c1960.
300 _a73 p., 4 h de lám. ;
_c21 cm.
500 _aLa primera lám., retr. de Almela y Vives.
600 1 4 _aAlmela i Vives, Francesc.
_920131
852 _aES-MaACL
_jC-17712
_9R.46065
999 _c171723
_d171723